00948nam a2200217 a 4500001001000000003000500010005001700015008004100032010001100073011001100084040000900095100003600104245021600140260004100356500006000397502008500457650003300542650004700575650003800622856007000660000113516CHAP20220329144358.0170727s2016 mx a fsm |||||||spa d a109977 a110949 cCHAP1 aMonterrosa Molina, Olga Liliana10aDeterminación de la eficiencia de un desinfectante orgánico, para inhibir la carga mesófila aerobia y de Staphylococus sp. en carne de res,cerdo y pollo /h[En línea]cpor Olga Liliana Monterrosa Molina. aChapingo, Méx. :bEl autor,c2016. aPara ver el contenido del material haga clic en la liga aTesis (Ing. Agroindustrial) -- UACH. Departamento de Ingeniería Agroindustrial14aBacteriasxIdentificación.14aExtractos de semillas efecto en bacterias.14aTemperaturaxEfecto en alimentos. aFinding aiduhttp://10.13.5.2/tesis/sist113516.pdfzTeclea aquí